[Event "Srpska Republic-chT 1st League"]
[Site "Banja Dvorovi"]
[Date "2017.08.15"]
[Round "4.3"]
[White "Ivanovic, Dragoslav"]
[Black "Elez, Sinisa"]
[Result "1/2-1/2"]
[WhiteElo "2159"]
[BlackElo "2044"]
[PlyCount "63"]
[EventDate "2017.08.12"]
[EventType "team-tourn"]
[EventRounds "9"]
[EventCountry "BIH"]
[SourceTitle "EXT 2019"]
[Source "ChessBase"]
[SourceDate "2018.10.10"]
[SourceVersion "1"]
[SourceVersionDate "2018.10.10"]
[SourceQuality "1"]
[WhiteTeam "Rogatica Gorski Termag"]
[BlackTeam "Dvorovi"]
[WhiteTeamCountry "BIH"]
[BlackTeamCountry "BIH"]

1. e4 c5 2. Nf3 e6 3. d4 cxd4 4. Nxd4 a6 5. c4 Nf6 6. Nc3 Qc7 7. Be3 Bb4 8. Qd3 0-0 9. a3 Bxc3+ 10. bxc3 d6 11. Be2 Nbd7 12. Nb3 Qc6 13. f3 d5 14. cxd5 exd5 15. Nd4 Qc7 16. 0-0 Nc5 17. Qc2 Bd7 18. Bg5 Ba4 19. Qd2 Ncd7 20. Bf4 Qc5 21. e5 Ne8 22. Be3 Qe7 23. f4 g6 24. Rab1 Nc5 25. Nf3 Bc6 26. Bd4 Ne4 27. Qe3 f5 28. Bd3 Ng7 29. Bxe4 fxe4 30. Ng5 Ne6 31. Nxe6 Qxe6 32. Qg3 1/2-1/2

[Event "BIH-chT1"]
[Site "Dvorovi"]
[Date "2016.08.06"]
[Round "1"]
[White "Ivanovic, Dragoslav"]
[Black "Bakic, Aleksandar"]
[Result "1-0"]
[WhiteElo "2150"]
[BlackElo "1951"]
[PlyCount "91"]
[EventDate "2016.08.06"]
[EventType "team-tourn"]
[EventRounds "9"]
[EventCountry "BIH"]
[SourceTitle "CBM 174 Extra"]
[Source "ChessBase"]
[SourceDate "2016.10.10"]
[SourceVersion "1"]
[SourceVersionDate "2016.10.10"]
[SourceQuality "1"]

1. e4 c5 2. Nf3 d6 3. d4 cxd4 4. Nxd4 Nf6 5. Nc3 a6 6. Be3 b5 7. f3 e6 8. Qd2 Be7 9. a4 b4 10. Nce2 a5 11. g4 Ba6 12. Bg2 Qc7 13. Nb5 Qd7 14. g5 Nh5 15. Ned4 Nc6 16. f4 Nxd4 17. Nxd4 Rc8 18. f5 e5 19. Nb3 Qc7 20. Rc1 Bc4 21. Kf2 0-0 22. Bf3 Nf4 23. Bxf4 exf4 24. Qxf4 Bxb3 25. cxb3 Qb6+ 26. Kg3 Qd4 27. Be2 Qxb2 28. Bc4 Kh8 29. h4 Bd8 30. Rh2 Qe5 31. Rd2 Bb6 32. Qxe5 dxe5 33. Rd5 f6 34. Kg4 Rfd8 35. Rxd8+ Rxd8 36. Bd5 Rf8 37. Rc6 Bd8 38. Kh5 Be7 39. Ra6 Bd8 40. Ra8 Be7 41. Rxa5 Rb8 42. Ra7 Bf8 43. a5 Bc5 44. Rc7 Bd6 45. Rd7 Bc5 46. a6 1-0

[Event "BIH-chT Seniors"]
[Site "Mosko"]
[Date "2015.08.11"]
[Round "2"]
[White "Ivanovic, Dragoslav"]
[Black "Ilic, Slavisa"]
[Result "1-0"]
[WhiteElo "2165"]
[BlackElo "2069"]
[PlyCount "129"]
[EventDate "2015.08.10"]
[EventType "team-tourn"]
[EventRounds "9"]
[EventCountry "BIH"]
[SourceTitle "EXT 2016"]
[Source "ChessBase"]
[SourceDate "2015.10.08"]
[SourceVersion "1"]
[SourceVersionDate "2015.10.08"]
[SourceQuality "1"]

1. e4 d5 2. exd5 Nf6 3. Nc3 Nxd5 4. Ne4 Bf5 5. Ng3 Bg6 6. Bc4 e6 7. Nf3 Bd6 8. d4 c6 9. Ne5 Bxe5 10. dxe5 Nb4 11. Qxd8+ Kxd8 12. Bg5+ Kc7 13. 0-0-0 Bxc2 14. Rd2 Bg6 15. Be7 Nd5 16. Bd6+ Kd7 17. f4 Rc8 18. h4 h6 19. h5 Bh7 20. Rf1 f5 21. Ne2 a5 22. Rf3 Na6 23. Nd4 Rg8 24. Rb3 Nab4 25. a3 b5 26. Be2 Nxf4 27. axb4 axb4 28. Nc2 Nd5 29. Nxb4 Ra1+ 30. Kc2 f4+ 31. Bd3 Ne3+ 32. Kc3 Rc1+ 33. Nc2 Nd5+ 34. Kd4 Bxd3 35. Rbxd3 Ra8 36. Ra3 Rxa3 37. Bxa3 Rh1 38. Bf8 Rxh5 39. Bxg7 Kc7 40. Ke4 Rh4 41. Kf3 h5 42. Nd4 Kd7 43. Rc2 Nb4 44. Rc3 Rh1 45. Bf8 Nd5 46. Ra3 Rf1+ 47. Ke2 Rg1 48. Kf2 Rb1 49. Ra7+ Ke8 50. Nxe6 Rxb2+ 51. Kf3 Rb3+ 52. Ke4 Rg3 53. Bd6 Rxg2 54. Ng7+ Kd8 55. e6 Kc8 56. Nxh5 Re2+ 57. Kf5 f3 58. Ng3 f2 59. Bc5 Ne3+ 60. Kf6 f1Q+ 61. Nxf1 Nxf1 62. e7 Re4 63. Ra8+ Kd7 64. Rd8+ Kc7 65. e8Q 1-0

[Event "Srpska Republic-chT 1st League"]
[Site "Banja Vrucica"]
[Date "2014.08.09"]
[Round "1.2"]
[White "Kokanovic, Dragan"]
[Black "Ivanovic, Dragoslav"]
[Result "0-1"]
[WhiteElo "2177"]
[BlackElo "2129"]
[PlyCount "110"]
[EventDate "2014.08.09"]
[EventType "team-tourn"]
[EventRounds "9"]
[EventCountry "BIH"]
[SourceTitle "EXT 2016"]
[Source "ChessBase"]
[SourceDate "2015.10.08"]
[SourceVersion "1"]
[SourceVersionDate "2015.10.08"]
[SourceQuality "1"]
[WhiteTeam "Derventa"]
[BlackTeam "Termag Gorski"]
[WhiteTeamCountry "BIH"]
[BlackTeamCountry "BIH"]

1. d4 Nf6 2. Bf4 e6 3. e3 d5 4. Bd3 Nbd7 5. Nf3 Be7 6. 0-0 Nh5 7. Nbd2 Nxf4 8. exf4 g6 9. Qe2 0-0 10. Rae1 Bf6 11. Ne5 c5 12. c3 Qb6 13. Ndf3 Bg7 14. h3 cxd4 15. Nxd4 Nc5 16. Bb1 Na4 17. Nb3 f6 18. Nd3 Bd7 19. Qf3 Rae8 20. Re2 Qd6 21. Rfe1 b6 22. h4 Nc5 23. h5 Ne4 24. hxg6 hxg6 25. Qg4 Kf7 26. Nd2 e5 27. fxe5 Bxg4 28. exd6 Bxe2 29. Rxe2 Nxd6 30. Nf4 f5 31. Nf3 Rxe2 32. Nxe2 Ne4 33. Nf4 Rd8 34. Bd3 Bf6 35. c4 Nc5 36. Be2 d4 37. b4 d3 38. Bd1 Ne6 39. Nd5 Nd4 40. Kf1 Nxf3 41. Bxf3 Bg5 42. Ke1 Rc8 43. Ne3 Kg7 44. Bd5 Be7 45. Kd2 Bxb4+ 46. Kxd3 Bc5 47. Nd1 Kf6 48. f3 Re8 49. Nc3 Re1 50. Ne2 Ra1 51. Nc3 Ke5 52. g3 g5 53. a4 a5 54. Bc6 Rg1 55. f4+ Kf6 0-1

[Event "Srpska Republic-chT 1st League"]
[Site "Banja Vrucica"]
[Date "2012.08.13"]
[Round "3"]
[White "Ivanovic, Dragoslav"]
[Black "Bircakovic, Mile"]
[Result "0-1"]
[WhiteElo "2130"]
[BlackElo "2182"]
[PlyCount "90"]
[EventDate "2012.08.11"]
[EventType "team-tourn"]
[EventRounds "7"]
[EventCountry "BIH"]
[SourceTitle "CBM 149 Extra"]
[Source "ChessBase"]
[SourceDate "2012.08.24"]
[SourceVersion "1"]
[SourceVersionDate "2012.08.24"]
[SourceQuality "1"]
[WhiteTeam "Sokolac"]
[BlackTeam "Zvornik Drina"]
[WhiteTeamCountry "SRB"]
[BlackTeamCountry "SRB"]

1. e4 e5 2. Nf3 Nc6 3. Bb5 a6 4. Ba4 Nf6 5. d3 b5 6. Bb3 Bc5 7. c3 d6 8. h3 Be6 9. Bxe6 fxe6 10. 0-0 0-0 11. Qe2 Qe8 12. Rd1 Nh5 13. Be3 Nf4 14. Bxf4 Rxf4 15. Nbd2 Qg6 16. Kh2 Raf8 17. a4 b4 18. Nc4 Qh5 19. Ncd2 g5 20. d4 exd4 21. cxd4 g4 22. dxc5 gxf3 23. Nxf3 Ne5 24. Rd2 Rxf3 25. Rad1 Qf7 26. cxd6 cxd6 27. gxf3 Nxf3+ 28. Kg2 Qf4 29. Qe3 Qh2+ 30. Kf1 Qxh3+ 31. Ke2 Qg4 32. Rxd6 Ne5+ 33. Kf1 Nc4 34. Qb3 Qf4 35. f3 Nxd6 36. Qxe6+ Nf7 37. Ke2 Kh8 38. Qb6 Ne5 39. Qd4 Qxf3+ 40. Kd2 Qf2+ 41. Kc1 Rc8+ 42. Kb1 Qc2+ 43. Ka1 Qxa4+ 44. Kb1 Qc2+ 45. Ka1 Qc5 0-1

[Event "Srpska Republic-chT 1st League"]
[Site "Banja Vrucica"]
[Date "2012.08.11"]
[Round "1"]
[White "Ivanovic, Dragoslav"]
[Black "Bakic, Aleksandar"]
[Result "1-0"]
[WhiteElo "2130"]
[BlackElo "1982"]
[PlyCount "107"]
[EventDate "2012.08.11"]
[EventType "team-tourn"]
[EventRounds "7"]
[EventCountry "BIH"]
[SourceTitle "CBM 149 Extra"]
[Source "ChessBase"]
[SourceDate "2012.08.24"]
[SourceVersion "1"]
[SourceVersionDate "2012.08.24"]
[SourceQuality "1"]
[WhiteTeam "Sokolac"]
[BlackTeam "Dubica"]
[WhiteTeamCountry "SRB"]
[BlackTeamCountry "SRB"]

1. e4 c5 2. Nf3 Nc6 3. d4 cxd4 4. Nxd4 Nf6 5. Nc3 e5 6. Ndb5 d6 7. a4 a6 8. Na3 Be6 9. Bc4 Be7 10. Be3 Qc7 11. 0-0 Nd4 12. Nd5 Bxd5 13. exd5 Nf5 14. Bd2 0-0 15. c3 g6 16. Qe2 Ng7 17. f3 Nd7 18. b4 f5 19. Bb3 h5 20. Nc4 g5 21. Nxe5 Nxe5 22. Qxe5 dxe5 23. d6+ Kh7 24. dxc7 Rac8 25. Bd5 Rxc7 26. b5 a5 27. c4 b6 28. Bc3 Bc5+ 29. Kh1 Re7 30. Rae1 Bd6 31. Re2 Kg6 32. Rfe1 Kf6 33. h4 f4 34. hxg5+ Kf5 35. g6 Ne8 36. Bf7 Nf6 37. Rd1 Bc5 38. Red2 Rc7 39. Rd8 Rc8 40. Rxc8 Rxc8 41. g7 Be7 42. Rd5 Nxd5 43. Bxd5 Bh4 44. Kg1 Be7 45. g8Q Rxg8 46. Bxg8 Bc5+ 47. Kf1 Be3 48. Ke2 Bc5 49. Bh7+ Ke6 50. Kd3 Bd6 51. Ke4 Bc7 52. Bg6 h4 53. Bf5+ Kf6 54. Bc8 1-0